[Event "Mindsports Masters FIDE 2nd"]
[Site "London"]
[Date "2023.02.18"]
[Round "6.4"]
[White "Taylor, William J"]
[Black "Watson, Jacob"]
[Result "1-0"]
[WhiteElo "1946"]
[BlackElo "1889"]
[PlyCount "167"]
[EventDate "2023.02.15"]
[EventType "tourn"]
[EventRounds "9"]
[EventCountry "ENG"]

1. e4 c5 2. Nf3 Nc6 3. d4 cxd4 4. Nxd4 Nf6 5. Nc3 e5 6. Ndb5 d6 7. Bg5 a6 8.
Na3 b5 9. Nd5 Be7 10. Bxf6 Bxf6 11. c4 b4 12. Nc2 Rb8 13. b3 O-O 14. g3 a5 15.
Bg2 Bg5 16. O-O Be6 17. Qd3 Bxd5 18. Qxd5 Qb6 19. Rad1 Rfd8 20. Kh1 Ne7 21. Qd3
Ng6 22. h4 Bh6 23. h5 Nf8 24. Bh3 Ne6 25. Bxe6 fxe6 26. Qe2 Rf8 27. Kg2 Qc6 28.
Rd3 Rbd8 29. Rfd1 Qc5 30. Ne3 Rf7 31. Qb2 Bxe3 32. Rxe3 Rdf8 33. Re2 Rf3 34.
Qd2 h6 35. Qe1 Qc7 36. Rdd2 Qf7 37. Rxd6 Qxh5 38. Rxe6 Rd3 39. Rd2 Qf3+ 40. Kg1
Rxd2 41. Qxd2 Qxe4 42. Re7 Qb1+ 43. Kg2 Qe4+ 44. Kg1 Qb1+ 45. Kh2 Qf1 46. Qd5+
Kh8 47. Rf7 Rxf7 48. Qxf7 Qe2 49. Qf8+ Kh7 50. Qf5+ g6 51. Qf7+ Kh8 52. Qf6+
Kh7 53. Kg2 e4 54. c5 h5 55. c6 Qc2 56. Qf7+ Kh6 57. Qf4+ Kg7 58. Qe5+ Kf7 59.
Qd5+ Kf6 60. Qd8+ Kf7 61. Qd7+ Kf6 62. Kh3 Qxf2 63. Qd6+ Kg7 64. Qe5+ Kh7 65.
Qxe4 Qf1+ 66. Kh2 Qf2+ 67. Qg2 Qb6 68. Qc2 Qc7 69. Qc4 Kg7 70. Qb5 Kh6 71. Qb7
Qe5 72. c7 h4 73. c8=Q Qxg3+ 74. Kh1 Qe1+ 75. Kg2 Qe2+ 76. Kh3 Qe3+ 77. Kxh4
g5+ 78. Kg4 Qf4+ 79. Kh3 Qe3+ 80. Kg2 Qe2+ 81. Kg3 Qe3+ 82. Qf3 Qg1+ 83. Kh3
Qe1 84. Qh8+ 1-0

[Event "Mindsports Masters FIDE 2nd"]
[Site "London"]
[Date "2023.02.18"]
[Round "6.5"]
[White "Keohane, Ben"]
[Black "Bharat Kumar, Balahari"]
[Result "1-0"]
[WhiteElo "1967"]
[BlackElo "1888"]
[PlyCount "65"]
[EventDate "2023.02.15"]
[EventType "tourn"]
[EventRounds "9"]
[EventCountry "ENG"]

1. e4 c5 2. a3 Nc6 3. b4 cxb4 4. axb4 Nxb4 5. d4 d5 6. c3 Nc6 7. exd5 Qxd5 8.
Na3 e6 9. Nb5 Kd8 10. Bf4 Bd7 11. Bc7+ Kc8 12. Bg3 Nf6 13. Be2 e5 14. Nf3 Ne4
15. c4 Bb4+ 16. Kf1 Nxg3+ 17. hxg3 Qe4 18. Bd3 Qg4 19. Rh4 Qe6 20. d5 Qf6 21.
dxc6 Bxc6 22. Rxa7 Rb8 23. Qc2 g5 24. Bf5+ Kd8 25. Rxh7 Rxh7 26. Bxh7 g4 27.
Nh4 Bc5 28. Ra2 Ke8 29. Qf5 Qe7 30. Qxg4 Qf8 31. Re2 f6 32. Nc7+ Ke7 33. Ng6+
1-0

[Event "Mindsports Masters FIDE 2nd"]
[Site "London"]
[Date "2023.02.18"]
[Round "7.1"]
[White "Bharat Kumar, Balahari"]
[Black "Badacsonyi, Stanley"]
[Result "0-1"]
[WhiteElo "1888"]
[BlackElo "1935"]
[PlyCount "140"]
[EventDate "2023.02.15"]
[EventType "tourn"]
[EventRounds "9"]
[EventCountry "ENG"]

1. d4 Nf6 2. c4 c5 3. d5 b5 4. cxb5 a6 5. bxa6 g6 6. Nc3 Bg7 7. e4 O-O 8. Nf3
Qa5 9. Nd2 Bxa6 10. Bxa6 Qxa6 11. Qe2 d6 12. Nc4 Nbd7 13. a4 Rfb8 14. Ra3 Rb4
15. b3 Rab8 16. Qc2 Ng4 17. Nb5 Nge5 18. Nxe5 Bxe5 19. O-O c4 20. bxc4 Rc8 21.
Bd2 Rbxc4 22. Qd3 Rxa4 23. Rxa4 Qxa4 24. Rc1 Rxc1+ 25. Bxc1 Nc5 26. Qe2 Qxe4
27. Qxe4 Nxe4 28. f4 Bc3 29. Kf1 Ba5 30. Bb2 Bb6 31. Ke2 f5 32. Na3 Bc5 33. Nc4
Kf7 34. Ne3 Bxe3 35. Kxe3 h6 36. g3 Nf6 37. Kd4 Ng4 38. h4 Nf6 39. Bc3 Ne4 40.
Be1 g5 41. fxg5 hxg5 42. g4 gxh4 43. Bxh4 Nd2 44. Ke3 Nc4+ 45. Kf4 fxg4 46.
Kxg4 Ne3+ 47. Kf3 Nxd5 48. Ke4 Ke6 49. Be1 Nf6+ 50. Kf4 Kd5 51. Kf5 Nd7 52. Bh4
e5 53. Be7 Nb8 54. Kg4 Nc6 55. Bf8 Ke6 56. Bh6 d5 57. Kf3 Kf5 58. Ke3 d4+ 59.
Kd3 e4+ 60. Kd2 Ne5 61. Ke2 d3+ 62. Kd2 Ke6 63. Ke3 Kd5 64. Kd2 Kd4 65. Be3+
Kc4 66. Bb6 Kb3 67. Bd8 Nc4+ 68. Kd1 e3 69. Bg5 Nb2+ 70. Ke1 d2+ 0-1

[Event "Mindsports Masters FIDE 2nd"]
[Site "London"]
[Date "2023.02.18"]
[Round "7.2"]
[White "Watson, Jacob"]
[Black "Keohane, Ben"]
[Result "0-1"]
[WhiteElo "1889"]
[BlackElo "1967"]
[PlyCount "170"]
[EventDate "2023.02.15"]
[EventType "tourn"]
[EventRounds "9"]
[EventCountry "ENG"]

1. e4 Nf6 2. e5 Nd5 3. c4 Nb6 4. d4 d6 5. exd6 cxd6 6. Bd3 Nc6 7. Ne2 e5 8. d5
Nb4 9. Nbc3 Nxd3+ 10. Qxd3 f5 11. O-O Be7 12. Be3 O-O 13. f3 Nd7 14. Rad1 b6
15. b4 Ba6 16. Nb5 e4 17. fxe4 Ne5 18. Qb3 Nxc4 19. Qxc4 Rc8 20. Qd3 fxe4 21.
Rxf8+ Qxf8 22. Qxe4 Bxb5 23. Nd4 Be8 24. Rf1 Bf6 25. Ne6 Qe7 26. Bg5 Bxg5 27.
Nxg5 Qxe4 28. Nxe4 Rd8 29. Ng5 Bb5 30. Rc1 h6 31. Ne6 Rd7 32. Rc8+ Kf7 33. Rf8+
Ke7 34. Rf4 g5 35. Re4 Kf7 36. Kf2 Bd3 37. Re3 Bc4 38. Rf3+ Ke7 39. Nf8 Bxd5
40. Nxd7 Bxf3 41. Nxb6 Bb7 42. Na4 Ke6 43. Nc3 Ke5 44. g3 d5 45. Nb5 a6 46. Nc7
Kd4 47. b5 axb5 48. Nxb5+ Kd3 49. Ke1 d4 50. a4 Bd5 51. a5 Bc4 52. Nd6 Ba6 53.
Kd1 Kc3 54. Ne4+ Kb4 55. Kd2 Kxa5 56. Nd6 Kb4 57. h4 gxh4 58. gxh4 Bc4 59. Ne4
h5 60. Ng3 Bf7 61. Ne2 Kc4 62. Nf4 Be8 63. Ne6 Bd7 64. Nf4 Bg4 65. Nd3 Kd5 66.
Nf2 Bf5 67. Nh1 Bg6 68. Ke2 Ke5 69. Ng3 Kf4 70. Nf1 Kg4 71. Nd2 d3+ 72. Ke3
Kxh4 73. Kf4 Kh3 74. Kf3 Bf5 75. Nf1 Bg4+ 76. Kf2 h4 77. Nd2 Be2 78. Ne4 Kg4
79. Nd2 h3 80. Ne4 Kf4 81. Nd2 Bd1 82. Nf1 Bf3 83. Ke1 Be2 84. Ne3 h2 85. Ng2+
Kg3 0-1

[Event "Mindsports Masters FIDE 2nd"]
[Site "London"]
[Date "2023.02.18"]
[Round "7.3"]
[White "Kumar, Soham"]
[Black "Taylor, William J"]
[Result "0-1"]
[WhiteElo "1850"]
[BlackElo "1946"]
[PlyCount "94"]
[EventDate "2023.02.15"]
[EventType "tourn"]
[EventRounds "9"]
[EventCountry "ENG"]

1. e4 e5 2. Nf3 Nf6 3. Nc3 Nc6 4. Bc4 Nxe4 5. Bxf7+ Kxf7 6. Nxe4 d5 7. Neg5+
Kg8 8. d4 h6 9. Nh3 e4 10. Ne5 Nxe5 11. dxe5 Bxh3 12. gxh3 Bc5 13. Rg1 Qd7 14.
Bf4 Rf8 15. Qd2 Qf7 16. Bg3 c6 17. O-O-O Qf3 18. Rde1 Bxf2 19. Qxf2 Qxf2 20.
Bxf2 Rxf2 21. Ref1 Rf7 22. e6 Re7 23. Rf6 Kh7 24. Rf5 Rd8 25. c4 Rd6 26. cxd5
cxd5 27. Rd1 d4 28. Re5 e3 29. Kc2 Rexe6 30. Rxe6 Rxe6 31. Kd3 g5 32. Rf1 e2
33. Re1 Kg6 34. Kxd4 Kh5 35. Kd5 Re8 36. Kd6 Kh4 37. Kd7 Re3 38. Kc7 Kxh3 39.
Kxb7 Re7+ 40. Kc6 Kxh2 41. b4 g4 42. b5 g3 43. Kd6 Re8 44. Kd7 Re3 45. b6 axb6
46. a4 g2 47. a5 bxa5 0-1

[Event "Mindsports Masters FIDE 2nd"]
[Site "London"]
[Date "2023.02.18"]
[Round "7.4"]
[White "Brixel, Christof"]
[Black "Badacsonyi, Frankie"]
[Result "1-0"]
[WhiteElo "1916"]
[BlackElo "1977"]
[PlyCount "73"]
[EventDate "2023.02.15"]
[EventType "tourn"]
[EventRounds "9"]
[EventCountry "ENG"]

1. Nf3 Nf6 2. b4 e6 3. a3 d5 4. e3 c5 5. bxc5 Bxc5 6. d4 Be7 7. c4 O-O 8. Nc3
b6 9. cxd5 Nxd5 10. Nxd5 Qxd5 11. Bd3 Ba6 12. e4 Qb7 13. O-O Rd8 14. Bb2 Nd7
15. Bxa6 Qxa6 16. Qb3 Nf6 17. Rfe1 Qb7 18. Nd2 Rac8 19. f3 Ne8 20. Nf1 Bf6 21.
Red1 g6 22. Ne3 Nc7 23. d5 Bxb2 24. Qxb2 exd5 25. Ng4 dxe4 26. Nf6+ Kf8 27.
Nxe4 Rxd1+ 28. Rxd1 Ne8 29. Qh8+ Ke7 30. Qe5+ Kf8 31. Qh8+ Ke7 32. Qe5+ Kf8 33.
Qh8+ Ke7 34. Re1 Kd7 35. Qd4+ Kc7 36. Qe5+ Kd7 37. Nf6+ 1-0

[Event "Mindsports Masters FIDE 2nd"]
[Site "London"]
[Date "2023.02.18"]
[Round "7.5"]
[White "Sivanandan, Bodhana"]
[Black "Bathula, Abhinav Reddy"]
[Result "0-1"]
[WhiteElo "1725"]
[BlackElo "1777"]
[PlyCount "110"]
[EventDate "2023.02.15"]
[EventType "tourn"]
[EventRounds "9"]
[EventCountry "ENG"]

1. e4 c5 2. Nc3 d6 3. f4 g6 4. Nf3 Bg7 5. Bb5+ Bd7 6. a4 Nc6 7. d3 a6 8. Bxc6
Bxc6 9. a5 Qd7 10. Be3 f5 11. Nd2 Nf6 12. h3 Qe6 13. O-O fxe4 14. dxe4 Nxe4 15.
Ncxe4 Bxe4 16. Re1 Bc6 17. c3 O-O 18. Nf3 Qd7 19. Qb3+ e6 20. Ng5 Bd5 21. c4
Bc6 22. Bf2 e5 23. fxe5 Bxe5 24. Bg3 Bd4+ 25. Kh2 Rae8 26. Rad1 Ba4 27. Qd3
Bxd1 28. Qxd1 Rxe1 29. Qxe1 Qe8 30. Qd1 Rf5 31. Nf3 Qe4 32. Bxd6 Bxb2 33. Qb3
Bc1 34. Qb6 Bf4+ 35. Kg1 Qe3+ 36. Kf1 Qd3+ 37. Kg1 Qxd6 38. Qxb7 Bh2+ 39. Kh1
Bg3 40. Qa8+ Rf8 41. Qd5+ Qxd5 42. cxd5 Rxf3 43. gxf3 c4 44. Kg2 c3 45. Kxg3 c2
46. Kf4 c1=Q+ 47. Ke5 Kf7 48. Kd6 Qa3+ 49. Kd7 Qxa5 50. d6 Qb5+ 51. Kc7 Ke8 52.
f4 Qc5+ 53. Kb7 Kd7 54. Kxa6 Kc6 55. h4 Qb6# 0-1

[Event "Mindsports Masters FIDE 2nd"]
[Site "London"]
[Date "2023.02.19"]
[Round "8.1"]
[White "Badacsonyi, Stanley"]
[Black "Bathula, Abhinav Reddy"]
[Result "1/2-1/2"]
[WhiteElo "1935"]
[BlackElo "1777"]
[PlyCount "63"]
[EventDate "2023.02.15"]
[EventType "tourn"]
[EventRounds "9"]
[EventCountry "ENG"]

1. d4 Nf6 2. Nc3 c5 3. d5 d6 4. e4 g6 5. Nf3 Bg7 6. Bc4 O-O 7. h3 Na6 8. O-O
Nc7 9. a4 h6 10. Re1 e5 11. dxe6 Bxe6 12. Bxe6 Nxe6 13. Be3 Qb6 14. Rb1 Rfe8
15. Nd2 Qc6 16. Nc4 Nd4 17. Bxd4 cxd4 18. Qxd4 Nxe4 19. Qd3 Bxc3 20. bxc3 d5
21. Ne3 Nxc3 22. Rb4 Re4 23. Rxe4 dxe4 24. Qd4 h5 25. g4 Rc8 26. gxh5 Qc5 27.
Qd7 Qg5+ 28. Kh1 Rd8 29. Qg4 Qxh5 30. Qxh5 gxh5 31. Rg1+ Kf8 32. Rg5 1/2-1/2

[Event "Mindsports Masters FIDE 2nd"]
[Site "London"]
[Date "2023.02.19"]
[Round "8.2"]
[White "Badacsonyi, Frankie"]
[Black "Sivanandan, Bodhana"]
[Result "1-0"]
[WhiteElo "1977"]
[BlackElo "1725"]
[PlyCount "155"]
[EventDate "2023.02.15"]
[EventType "tourn"]
[EventRounds "9"]
[EventCountry "ENG"]

1. d4 d5 2. c4 c6 3. Nf3 Nf6 4. Nc3 e6 5. Bg5 Nbd7 6. e3 Qa5 7. Bxf6 Nxf6 8. a3
Ne4 9. Qa4 Qxa4 10. Nxa4 Bd6 11. Bd3 Nf6 12. Nc3 O-O 13. O-O Re8 14. Rac1 h6
15. cxd5 exd5 16. h3 Bd7 17. Rb1 b5 18. Rfc1 a5 19. Ra1 a4 20. Na2 Ne4 21. Nb4
Bxb4 22. axb4 f6 23. Bxe4 dxe4 24. Nd2 f5 25. Rc5 g6 26. Nb1 Rec8 27. Na3 Kf7
28. Rd1 Be6 29. Rdc1 Bd7 30. h4 h5 31. Kh2 Kf6 32. Kg3 Rg8 33. d5 cxd5 34. Rxd5
Be6 35. Rd6 Rgd8 36. Rb6 Rab8 37. Rcc6 Rxb6 38. Rxb6 Rd2 39. Nxb5 Ke7 40. Nc3
Bd7 41. b5 Rxb2 42. Nxa4 Rxb5 43. Rxg6 Bc8 44. Rb6 Ra5 45. Nc3 Kf7 46. Ne2 Kf8
47. Nd4 Kg7 48. Rb5 Rxb5 49. Nxb5 Kf6 50. Kf4 Be6 51. Nd4 Bd7 52. Ne2 Kg6 53.
Ke5 Bc8 54. Nf4+ Kg7 55. Nxh5+ Kg6 56. Nf4+ Kh6 57. Kf6 Bd7 58. Nd5 Kh5 59. Ke5
Kxh4 60. Kf4 Be6 61. Ne7 Kh5 62. Nxf5 Bd7 63. Ng3+ Kg6 64. Nxe4 Bc6 65. f3 Bd5
66. g4 Bxe4 67. Kxe4 Kf6 68. Kd5 Kg5 69. Kd6 Kh4 70. e4 Kg3 71. e5 Kxf3 72. e6
Kxg4 73. e7 Kh3 74. e8=Q Kh4 75. Qg6 Kh3 76. Ke5 Kh4 77. Kf4 Kh3 78. Qg3# 1-0

[Event "Mindsports Masters FIDE 2nd"]
[Site "London"]
[Date "2023.02.19"]
[Round "8.3"]
[White "Taylor, William J"]
[Black "Brixel, Christof"]
[Result "1/2-1/2"]
[WhiteElo "1946"]
[BlackElo "1916"]
[PlyCount "63"]
[EventDate "2023.02.15"]
[EventType "tourn"]
[EventRounds "9"]
[EventCountry "ENG"]

1. e4 c6 2. d4 d5 3. exd5 cxd5 4. Bd3 Nc6 5. c3 Nf6 6. h3 e6 7. Nf3 Bd6 8. O-O
h6 9. Re1 O-O 10. Ne5 Nd7 11. f4 Ndxe5 12. fxe5 Be7 13. Qh5 Bg5 14. Nd2 g6 15.
Qe2 Bd7 16. g3 f5 17. Nf3 Bxc1 18. Raxc1 Ne7 19. c4 a6 20. Nd2 Bc6 21. Nb3 b6
22. Qd2 Kg7 23. c5 b5 24. Na5 Qc7 25. Ra1 g5 26. Rf1 Rf7 27. Rf2 Raf8 28. Raf1
Be8 29. b4 Nc6 30. Nxc6 Bxc6 31. a4 Qb7 32. axb5 1/2-1/2

[Event "Mindsports Masters FIDE 2nd"]
[Site "London"]
[Date "2023.02.19"]
[Round "8.4"]
[White "Keohane, Ben"]
[Black "Kumar, Soham"]
[Result "0-1"]
[WhiteElo "1967"]
[BlackElo "1850"]
[PlyCount "88"]
[EventDate "2023.02.15"]
[EventType "tourn"]
[EventRounds "9"]
[EventCountry "ENG"]

1. e4 c5 2. b3 Nc6 3. Bb2 e6 4. Qe2 Nge7 5. Nf3 d5 6. Nc3 d4 7. Nb1 e5 8. g3 g6
9. Bg2 Bg7 10. a4 h6 11. Na3 Be6 12. Nc4 O-O 13. h3 Qc7 14. g4 Rad8 15. d3 a6
16. Bc1 b5 17. Nb2 Nb4 18. O-O f5 19. exf5 gxf5 20. g5 h5 21. Nh4 Bf7 22. axb5
axb5 23. Bd2 Ng6 24. Nxf5 Be6 25. Nxg7 Qxg7 26. Bxb4 Nf4 27. Qf3 Nxh3+ 28. Qxh3
Bxh3 29. Bxh3 cxb4 30. Kh2 Kh7 31. Ra6 Qxg5 32. Ra7+ Kh8 33. Nd1 Qf4+ 34. Kh1
Rf7 35. Rxf7 Qxf7 36. f3 Rg8 37. Bg2 h4 38. Nf2 Rc8 39. Ra1 Rxc2 40. Ra8+ Kg7
41. Kg1 Rc1+ 42. Bf1 Qxf3 43. Ra7+ Kg6 44. Ra6+ Kf5 0-1

[Event "Mindsports Masters FIDE 2nd"]
[Site "London"]
[Date "2023.02.19"]
[Round "8.5"]
[White "Bharat Kumar, Balahari"]
[Black "Watson, Jacob"]
[Result "1/2-1/2"]
[WhiteElo "1888"]
[BlackElo "1889"]
[PlyCount "151"]
[EventDate "2023.02.15"]
[EventType "tourn"]
[EventRounds "9"]
[EventCountry "ENG"]

1. d4 d5 2. c4 dxc4 3. e3 Nf6 4. Bxc4 e6 5. Nf3 c5 6. O-O Nc6 7. Nc3 a6 8. a4
Qc7 9. Qe2 Be7 10. h3 O-O 11. Rd1 Bd7 12. d5 exd5 13. Bxd5 Nb4 14. e4 Rad8 15.
Bb3 Bc6 16. Bg5 h6 17. Bh4 Nh5 18. Bxe7 Qxe7 19. Qc4 Nf4 20. Rab1 b5 21. axb5
axb5 22. Nxb5 Qxe4 23. Qxe4 Bxe4 24. Rxd8 Rxd8 25. Re1 Nxh3+ 26. gxh3 Bxf3 27.
Bc4 Bd5 28. Rd1 Rb8 29. Bxd5 Nxd5 30. Rxd5 Rxb5 31. b4 Rxb4 32. Rxc5 Kh7 33.
Rc6 f6 34. Rc7 h5 35. Kg2 Kh6 36. Rc5 g6 37. Kg3 h4+ 38. Kf3 f5 39. Ra5 Kg5 40.
Rc5 Re4 41. Rc6 Kh6 42. Ra6 Kg7 43. Ra5 Kf6 44. Ra6+ Re6 45. Ra5 Rb6 46. Ra8
Rb3+ 47. Kg2 Rd3 48. Ra6+ Kf7 49. Ra7+ Ke6 50. Rg7 Kf6 51. Ra7 g5 52. Ra4 Ke5
53. Ra8 Ke4 54. Rb8 Rd4 55. Rg8 Kf4 56. Rf8 Rd3 57. Rf7 g4 58. hxg4 h3+ 59. Kh2
Kxg4 60. Rg7+ Kf4 61. Rh7 Kg4 62. Rg7+ Kf4 63. Rh7 Rd2 64. Rxh3 Rxf2+ 65. Kg1
Rb2 66. Ra3 Kg4 67. Ra4+ f4 68. Ra8 Kg3 69. Rg8+ Kf3 70. Ra8 Rb1+ 71. Kh2 Kf2
72. Ra2+ Kf1 73. Ra3 Rb2+ 74. Kh3 Rf2 75. Ra1+ Ke2 76. Ra2+ 1/2-1/2

[Event "Mindsports Masters FIDE 2nd"]
[Site "London"]
[Date "2023.02.19"]
[Round "9.1"]
[White "Watson, Jacob"]
[Black "Badacsonyi, Stanley"]
[Result "1-0"]
[WhiteElo "1889"]
[BlackElo "1935"]
[PlyCount "53"]
[EventDate "2023.02.15"]
[EventType "tourn"]
[EventRounds "9"]
[EventCountry "ENG"]

1. e4 e6 2. d4 d5 3. exd5 exd5 4. c4 Nf6 5. Nc3 Be7 6. Bd3 dxc4 7. Bxc4 O-O 8.
Nge2 h6 9. O-O b6 10. Nf4 Bb7 11. Ng6 Bd6 12. Nxf8 Kxf8 13. Nb5 a6 14. Nxd6
Qxd6 15. f3 Nc6 16. Be3 Na5 17. Bd3 Re8 18. Bf2 Nd5 19. Re1 Rd8 20. Be4 Qb4 21.
Qc2 Nc6 22. Bxd5 Rxd5 23. Qe4 Rd8 24. d5 Qxe4 25. fxe4 Nb4 26. Red1 Re8 27. a3
1-0

[Event "Mindsports Masters FIDE 2nd"]
[Site "London"]
[Date "2023.02.19"]
[Round "9.2"]
[White "Kumar, Soham"]
[Black "Bharat Kumar, Balahari"]
[Result "1-0"]
[WhiteElo "1850"]
[BlackElo "1888"]
[PlyCount "120"]
[EventDate "2023.02.15"]
[EventType "tourn"]
[EventRounds "9"]
[EventCountry "ENG"]

1. e4 c5 2. Nf3 d6 3. Bb5+ Bd7 4. Bxd7+ Qxd7 5. c4 Nf6 6. Nc3 Nc6 7. O-O Ne5 8.
d3 g6 9. Bf4 Nxf3+ 10. Qxf3 Bg7 11. h3 O-O 12. Rfe1 Rfd8 13. Rad1 Nh5 14. Be3
Bd4 15. Bxd4 cxd4 16. Nd5 Kf8 17. e5 e6 18. Nf6 Nxf6 19. exf6 e5 20. c5 Qf5 21.
Qxf5 gxf5 22. cxd6 Rxd6 23. Rxe5 Rxf6 24. Rd5 Re6 25. Rd2 Rae8 26. Rxd4 Rb6 27.
b3 Re1+ 28. Kh2 Ra1 29. Rd7 Rc1 30. d4 Ke8 31. Rd5 f4 32. Rf5 Ra1 33. Rxf4 Ra6
34. a4 Ra3 35. Rf3 Rb6 36. Rdd3 Ke7 37. d5 f5 38. Kg3 Rb4 39. Rfe3+ Kd7 40. Kf3
h5 41. g3 a5 42. d6 Re4 43. Rxe4 fxe4+ 44. Kxe4 Ra2 45. f4 Re2+ 46. Kd5 Rc2 47.
f5 Rf2 48. g4 hxg4 49. hxg4 Rf4 50. Rd4 Rf3 51. Kc4 b6 52. Rd3 Rf4+ 53. Kb5
Rxg4 54. Kxb6 Rg5 55. Kxa5 Rxf5+ 56. Kb6 Rf8 57. b4 Rb8+ 58. Kc5 Rc8+ 59. Kd5
Rb8 60. b5 Ra8 1-0

[Event "Mindsports Masters FIDE 2nd"]
[Site "London"]
[Date "2023.02.19"]
[Round "9.3"]
[White "Brixel, Christof"]
[Black "Keohane, Ben"]
[Result "0-1"]
[WhiteElo "1916"]
[BlackElo "1967"]
[PlyCount "154"]
[EventDate "2023.02.15"]
[EventType "tourn"]
[EventRounds "9"]
[EventCountry "ENG"]

1. d4 e6 2. Nc3 b6 3. e4 Bb7 4. Bd3 c5 5. Nf3 Nf6 6. Qe2 a6 7. e5 cxd4 8. Nxd4
Nd5 9. Nxd5 Bxd5 10. Be4 Bxe4 11. Qxe4 Ra7 12. O-O Bc5 13. Be3 f5 14. Qd3 O-O
15. f4 Qc8 16. c3 Rc7 17. Nc2 Qb7 18. Rad1 Rfc8 19. h3 Be7 20. g4 g6 21. Rf2
Kh8 22. gxf5 gxf5 23. Rg2 Qf3 24. Kh2 Rg8 25. Rxg8+ Kxg8 26. Nd4 Qh5 27. Rg1+
Kh8 28. Nc2 b5 29. Bb6 Rb7 30. Qg3 Qf7 31. Be3 Nc6 32. Qg2 Rb8 33. Qd2 Bf8 34.
Rd1 Qh5 35. Rg1 Qf7 36. Ne1 b4 37. c4 b3 38. a3 Bxa3 39. Nd3 Be7 40. Bc5 Qf8
41. Bxe7 Qxe7 42. c5 Nd4 43. Qf2 Nc6 44. Ra1 a5 45. Qe3 Qd8 46. Nc1 Rb4 47.
Nxb3 Qb8 48. Ra3 Re4 49. Qd2 Qb5 50. Nc1 Qf1 51. Rg3 Nd4 52. Qg2 Qxg2+ 53. Rxg2
Rxf4 54. Kg3 Re4 55. Rd2 Kg7 56. Rd3 Kg6 57. Nb3 Nxb3 58. Rxb3 Rxe5 59. Rb5 a4
60. Ra5 d6 61. Rxa4 dxc5 62. Ra5 Re3+ 63. Kf4 Re4+ 64. Kf3 c4 65. Ra8 Rh4 66.
Kg3 Rd4 67. Rc8 e5 68. Rc5 Kf6 69. Rc7 h5 70. h4 f4+ 71. Kf3 Rd3+ 72. Ke4 Re3+
73. Kd5 f3 74. Rc8 Kf5 75. Kxc4 Kg4 76. Rf8 Re4+ 77. Kc5 Rf4 0-1

[Event "Mindsports Masters FIDE 2nd"]
[Site "London"]
[Date "2023.02.19"]
[Round "9.4"]
[White "Sivanandan, Bodhana"]
[Black "Taylor, William J"]
[Result "0-1"]
[WhiteElo "1725"]
[BlackElo "1946"]
[PlyCount "136"]
[EventDate "2023.02.15"]
[EventType "tourn"]
[EventRounds "9"]
[EventCountry "ENG"]

1. e4 e5 2. Nf3 Nc6 3. Nc3 Nf6 4. d4 exd4 5. Nxd4 Bc5 6. Be3 Bb6 7. Nxc6 bxc6
8. Qd2 Ng4 9. Bxb6 axb6 10. Bc4 O-O 11. O-O d6 12. Rad1 Qf6 13. Be2 Re8 14.
Bxg4 Bxg4 15. f3 Be6 16. a3 Rad8 17. Qd4 Qe7 18. h3 d5 19. exd5 cxd5 20. Qf4
Qc5+ 21. Rf2 f6 22. Qd2 Bf7 23. b4 Qc4 24. Qd3 Qxd3 25. Rxd3 c6 26. Re2 Bg6 27.
Rdd2 Kf8 28. Na4 Rb8 29. Kf2 Re7 30. g4 Ra7 31. Nb2 Rxa3 32. b5 Ra2 33. c3 Bf7
34. Nd3 Rxd2 35. Rxd2 c5 36. Ra2 d4 37. Ra7 dxc3 38. Ke1 Re8+ 39. Kf2 Bc4 40.
Nc1 Bxb5 41. Rb7 Re6 42. f4 c2 43. Ra7 Rd6 44. Ke3 Rd1 45. Ra1 Ke7 46. h4 Kd6
47. g5 Kd5 48. h5 fxg5 49. fxg5 Kc4 50. h6 gxh6 51. gxh6 Be8 52. Ke2 Bh5+ 53.
Ke3 b5 54. Ra2 Rxc1 55. Kd2 Kb3 56. Kxc1 Kxa2 57. Kxc2 b4 58. Kd3 b3 59. Kc4 b2
60. Kxc5 b1=Q 61. Kc4 Qe4+ 62. Kc3 Bg6 63. Kd2 Qd3+ 64. Ke1 Qc2 65. Kf1 Qd2 66.
Kg1 Qe2 67. Kh1 Be4+ 68. Kg1 Qg2# 0-1

[Event "Mindsports Masters FIDE 2nd"]
[Site "London"]
[Date "2023.02.19"]
[Round "9.5"]
[White "Bathula, Abhinav Reddy"]
[Black "Badacsonyi, Frankie"]
[Result "1/2-1/2"]
[WhiteElo "1777"]
[BlackElo "1977"]
[PlyCount "29"]
[EventDate "2023.02.15"]
[EventType "tourn"]
[EventRounds "9"]
[EventCountry "ENG"]

1. e4 c6 2. Nf3 d5 3. Nc3 Bg4 4. h3 Bxf3 5. Qxf3 e6 6. d4 dxe4 7. Nxe4 Nd7 8.
Bf4 Ngf6 9. Bd3 Nxe4 10. Bxe4 Nf6 11. O-O Nxe4 12. Qxe4 Qd5 13. Qe2 Bd6 14.
Bxd6 Qxd6 15. c3 1/2-1/2